| 000 | 00729nam a22001933i 4500 | ||
|---|---|---|---|
| 001 | 165619 | ||
| 003 | ES-MaACL | ||
| 005 | 20250703063541.0 | ||
| 008 | 050905m18531854sp a | |||||||| ||spa d | ||
| 040 |
_aCAM _bspa _cCAM |
||
| 100 | 1 |
_aSoulié, Frédéric, _d1800-1847 _9107564 |
|
| 245 | 1 | 4 |
_a[Los dos cadáveres / _cpor Federico Soulié]. |
| 260 |
_a[S.l. : _bs.n., _cs.a.] |
||
| 300 |
_a181 p. : _bil. ; _c23 cm. |
||
| 594 | _aTit. tomado de antep. y comienzo del texto, autor tomado de otras ediciones de esta obra. | ||
| 597 | _aTexto a dos col. | ||
| 852 |
_aES-MaACL _jC-2812(1) _z-- Enc. hol. _z-- Legado M. de la Fuente _q-- Falto de la port. _z-- Enc. en un vol. facticio |
||
| 999 |
_c165619 _d165619 |
||